书目信息 |
| 题名: |
城市气象灾害
|
|
| 作者: | 王迎春 , 郑大玮 , 李青春 主编 | |
| 分册: | ||
| 出版信息: | 北京 气象出版社 2009.5 |
|
| 页数: | 312页 | |
| 开本: | 24cm | |
| 丛书名: | 气象灾害丛书 | |
| 单 册: | ||
| 中图分类: | P429 | |
| 科图分类: | ||
| 主题词: | 城市气候--气象灾害 | |
| 电子资源: | ||
| ISBN: | 978-7-5029-4716-3 | |
| 000 | 00999oam2 2200277 45 | |
| 001 | 516 | |
| 005 | 20120604093335.23 | |
| 010 | @a978-7-5029-4716-3@dCNY47.00 | |
| 100 | @a20120328d2009 em y0chiy0110 ea | |
| 101 | 0 | @achi |
| 102 | @aCN@b110000 | |
| 105 | @ay z 000yy | |
| 106 | @ar | |
| 200 | 1 | @a城市气象灾害@ACheng Shi Qi Xiang Zai Hai@f王迎春,郑大玮,李青春主编@FWang Ying Chun, Zheng Da Wei, Li Qing Chun Zhu Bian |
| 210 | @a北京@c气象出版社@d2009.5 | |
| 215 | @a312页@c图@d24cm | |
| 225 | 2 | @a气象灾害丛书 |
| 330 | @a本书分为7章,首先说明了与城市气象灾害有关的基础知识,重点介绍了主要城市气象灾害的防御对策及其与其它突发公共事件的关系,阐述了城市气象灾害减灾管理的原理和要点。 | |
| 461 | 0 | @12001 @a气象灾害丛书 |
| 606 | 0 | @a城市气候@x气象灾害 |
| 690 | @aP429@v4 | |
| 701 | 0 | @a王迎春@AWang Ying Chun@c(女,@f1961~)@4主编 |
| 701 | 0 | @a郑大玮@AZheng Da Wei@4主编 |
| 701 | 0 | @a李青春@ALi Qing Chun@4主编 |
| 801 | 0 | @aCN@bTSTCL@c20120328 |
| 905 | @b0813433-39@dP429@e74@f7 | |
| 城市气象灾害/王迎春,郑大玮,李青春主编.-北京:气象出版社,2009.5 |
| 312页:图;24cm.-(气象灾害丛书) |
| ISBN 978-7-5029-4716-3:CNY47.00 |
| 本书分为7章,首先说明了与城市气象灾害有关的基础知识,重点介绍了主要城市气象灾害的防御对策及其与其它突发公共事件的关系,阐述了城市气象灾害减灾管理的原理和要点。 |
| ● |
| 相关链接 |
|
|
|
|
正题名:城市气象灾害
索取号:P429/74
 
预约/预借
| 序号 | 登录号 | 条形码 | 馆藏地/架位号 | 状态 | 备注 |
| 1 | 0813433 | 208134339 | 第二样本阅览室/ [索取号:P429/74] | 在馆 | |
| 2 | 0813434 | 208134348 | 第三借阅区/ [索取号:P429/74] | 在馆 | |
| 3 | 0813435 | 208134357 | 第三借阅区/ [索取号:P429/74] | 在馆 | |
| 4 | 0813436 | 208134366 | 第三借阅区/ [索取号:P429/74] | 在馆 | |
| 5 | 0813437 | 208134375 | 第三借阅区/ [索取号:P429/74] | 在馆 | |
| 6 | 0813438 | 208134384 | 第三借阅区/ [索取号:P429/74] | 在馆 | |
| 7 | 0813439 | 208134393 | 第三借阅区/ [索取号:P429/74] | 在馆 |